[Event "European Youth Chess Championship B14"]
[Site "Prague, Top Hotel Prague"]
[Date "2012.08.20"]
[Round "4.1"]
[White "Petrosyan, Manuel"]
[Black "Artemiev, Vladislav"]
[Result "1/2-1/2"]
[WhiteElo "2286"]
[BlackElo "2476"]
[PlyCount "0"]
[EventDate "2012.08.17"]
1. d4 {[%clk 1:30:47]} Nf6 {[%clk 1:30:54]} 2. Nf3 {[%clk 1:30:58]} g6
{[%clk 1:31:17]} 3. c4 {[%clk 1:31:07]} Bg7 {[%clk 1:31:41]} 4. g3
{[%clk 1:31:05]} d5 {[%clk 1:31:43]} 5. cxd5 {[%clk 1:31:21]} Nxd5
{[%clk 1:32:08]} 6. Bg2 {[%clk 1:31:35]} Nb6 {[%clk 1:32:18]} 7. Nc3
{[%clk 1:30:31]} Nc6 {[%clk 1:32:22]} 8. e3 {[%clk 1:30:10]} O-O {[%clk 1:32:42]}
9. O-O {[%clk 1:30:18]} Re8 {[%clk 1:32:51]} 10. Nd2 {[%clk 1:26:10]} e5
{[%clk 1:30:24]} 11. d5 {[%clk 1:24:16]} Nb4 {[%clk 1:28:52]} 12. Nb3
{[%clk 1:16:56]} c6 {[%clk 1:24:01]} 13. dxc6 {[%clk 1:02:13]} Nxc6
{[%clk 1:23:06]} 14. Nb5 {[%clk 0:55:45]} Qe7 {[%clk 1:18:28]} 15. Nd6
{[%clk 0:30:29]} Rd8 {[%clk 1:18:41]} 16. Nxc8 {[%clk 0:30:51]} Raxc8
{[%clk 1:18:35]} 17. Qe2 {[%clk 0:29:57]} e4 {[%clk 1:17:12]} 18. Rb1
{[%clk 0:26:24]} f5 {[%clk 1:00:29]} 19. Bd2 {[%clk 0:24:57]} Qf7
{[%clk 0:50:05]} 20. f3 {[%clk 0:18:12]} exf3 {[%clk 0:43:29]} 21. Bxf3
{[%clk 0:18:09]} Nc4 {[%clk 0:43:16]} 22. Bc3 {[%clk 0:08:14]} Bxc3
{[%clk 0:38:29]} 23. bxc3 {[%clk 0:08:43]} Re8 {[%clk 0:30:10]} 24. e4
{[%clk 0:06:49]} Nd6 {[%clk 0:29:41]} 25. Qg2 {[%clk 0:05:46]} Nxe4
{[%clk 0:29:43]} 26. Bxe4 {[%clk 0:05:56]} Rxe4 {[%clk 0:30:11]} 27. Qxe4
{[%clk 0:05:54]} fxe4 {[%clk 0:30:38]} 28. Rxf7 {[%clk 0:06:21]} Kxf7
{[%clk 0:31:03]} 29. Nc5 {[%clk 0:06:34]} b6 {[%clk 0:28:57]} 30. Nxe4
{[%clk 0:06:55]} Rd8 {[%clk 0:26:35]} 31. Rf1+ {[%clk 0:05:52]} Ke7
{[%clk 0:18:47]} 32. Ng5 {[%clk 0:00:57]} h6 {[%clk 0:13:14]} 33. Rf7+
{[%clk 0:00:48]} Ke8 {[%clk 0:13:43]} 34. Rf6 {[%clk 0:01:02]} Rd1+
{[%clk 0:11:44]} 35. Kg2 {[%clk 0:01:26]} Rd2+ {[%clk 0:11:29]} 36. Kh3
{[%clk 0:01:44]} hxg5 {[%clk 0:02:46]} 37. Rxc6 {[%clk 0:02:06]} g4+
{[%clk 0:01:43]} 38. Kxg4 {[%clk 0:02:19]} Rxh2 {[%clk 0:02:10]} 39. a4
{[%clk 0:02:18]} Rh5 {[%clk 0:00:40]} 40. Rxg6 {[%clk 0:31:32]} Rc5
{[%clk 0:31:00]} 1/2-1/2

[Event "European Youth Chess Championship B14"]
[Site "Prague, Top Hotel Prague"]
[Date "2012.08.20"]
[Round "4.2"]
[White "Duda, Jan-Krzysztof"]
[Black "Paravyan, David"]
[Result "1-0"]
[WhiteElo "2411"]
[BlackElo "2271"]
[PlyCount "0"]
[EventDate "2012.08.17"]

1. e4 {[%clk 1:30:58]} c5 {[%clk 1:30:54]} 2. Nf3 {[%clk 1:31:22]} Nc6
{[%clk 1:31:18]} 3. d4 {[%clk 1:31:31]} cxd4 {[%clk 1:31:41]} 4. Nxd4
{[%clk 1:31:54]} e5 {[%clk 1:32:08]} 5. Nb5 {[%clk 1:32:11]} d6 {[%clk 1:32:32]}
6. N1c3 {[%clk 1:30:24]} a6 {[%clk 1:30:05]} 7. Na3 {[%clk 1:30:48]} Be6
{[%clk 1:30:26]} 8. Nc4 {[%clk 1:30:59]} Rb8 {[%clk 1:30:45]} 9. Ne3
{[%clk 1:28:57]} Nf6 {[%clk 1:31:05]} 10. g3 {[%clk 1:25:47]} Nd4
{[%clk 1:28:54]} 11. Bg2 {[%clk 1:24:57]} Rc8 {[%clk 1:28:56]} 12. O-O
{[%clk 1:24:02]} Be7 {[%clk 1:29:21]} 13. f4 {[%clk 1:19:12]} O-O
{[%clk 1:24:17]} 14. f5 {[%clk 1:14:41]} Bd7 {[%clk 1:24:22]} 15. Rf2
{[%clk 1:06:36]} Bc6 {[%clk 1:24:34]} 16. Bd2 {[%clk 1:05:53]} b5
{[%clk 1:24:05]} 17. Ncd5 {[%clk 1:05:40]} Bxd5 {[%clk 1:01:48]} 18. exd5
{[%clk 1:05:31]} b4 {[%clk 0:59:23]} 19. Bxb4 {[%clk 1:01:51]} Qb6
{[%clk 0:58:52]} 20. Bc3 {[%clk 1:00:20]} Bd8 {[%clk 0:51:20]} 21. Qd3
{[%clk 0:51:47]} Qa7 {[%clk 0:45:25]} 22. Re1 {[%clk 0:44:36]} Bb6
{[%clk 0:43:46]} 23. Be4 {[%clk 0:42:31]} Nd7 {[%clk 0:38:46]} 24. Qf1
{[%clk 0:35:25]} Nc5 {[%clk 0:23:50]} 25. Qg2 {[%clk 0:33:04]} Na4
{[%clk 0:21:36]} 26. Bb4 {[%clk 0:30:30]} Nb5 {[%clk 0:21:26]} 27. Bd2
{[%clk 0:21:52]} f6 {[%clk 0:11:09]} 28. c4 {[%clk 0:21:14]} Nd4 {[%clk 0:07:25]}
29. Bc1 {[%clk 0:17:12]} Nc5 {[%clk 0:06:00]} 30. Kh1 {[%clk 0:16:29]} a5
{[%clk 0:06:01]} 31. g4 {[%clk 0:10:52]} a4 {[%clk 0:05:36]} 32. Rff1
{[%clk 0:08:24]} Ba5 {[%clk 0:03:58]} 33. Rd1 {[%clk 0:08:44]} Rb8
{[%clk 0:04:16]} 34. Rf2 {[%clk 0:05:23]} Qa6 {[%clk 0:03:44]} 35. Rg1
{[%clk 0:04:46]} Rb7 {[%clk 0:01:58]} 36. h4 {[%clk 0:04:48]} h6 {[%clk 0:02:13]}
37. Bb1 {[%clk 0:02:23]} Kf7 {[%clk 0:02:23]} 38. Qf1 {[%clk 0:02:21]} Rh8
{[%clk 0:01:10]} 39. Rg3 {[%clk 0:01:26]} Qa7 {[%clk 0:00:40]} 40. Rh3
{[%clk 0:31:02]} Rbb8 {[%clk 0:30:44]} 41. Rfh2 {[%clk 0:25:47]} a3
{[%clk 0:20:57]} 42. b3 {[%clk 0:22:50]} Ncxb3 {[%clk 0:17:08]} 43. axb3
{[%clk 0:22:23]} Nxb3 {[%clk 0:17:32]} 44. Nc2 {[%clk 0:18:59]} Nxc1
{[%clk 0:14:42]} 45. Qxc1 {[%clk 0:18:35]} Bb4 {[%clk 0:15:06]} 46. Ba2
{[%clk 0:15:38]} Bc5 {[%clk 0:10:30]} 47. Nxa3 {[%clk 0:14:44]} e4
{[%clk 0:10:04]} 48. Nb5 {[%clk 0:10:55]} Qe7 {[%clk 0:08:54]} 49. Qf4
{[%clk 0:10:18]} e3 {[%clk 0:07:15]} 50. Re2 {[%clk 0:10:06]} Rhe8
{[%clk 0:05:43]} 51. Kg2 {[%clk 0:09:30]} Ra8 {[%clk 0:05:54]} 52. Rh1
{[%clk 0:08:24]} Bb4 {[%clk 0:01:56]} 53. Bb3 {[%clk 0:07:38]} Ra6
{[%clk 0:00:54]} 54. Rd1 {[%clk 0:07:13]} Rb6 {[%clk 0:00:47]} 55. Ra1
{[%clk 0:06:40]} Bc5 {[%clk 0:00:32]} 56. Bc2 {[%clk 0:06:28]} Rb7
{[%clk 0:00:34]} 57. Ra6 {[%clk 0:06:31]} Rd8 {[%clk 0:00:42]} 58. Kf3
{[%clk 0:06:20]} Kg8 {[%clk 0:00:59]} 59. Qe4 {[%clk 0:06:24]} Qf8
{[%clk 0:01:21]} 60. Nd4 {[%clk 0:06:10]} 1-0

[Event "European Youth Chess Championship B14"]
[Site "Prague, Top Hotel Prague"]
[Date "2012.08.20"]
[Round "4.5"]
[White "Korpa, Bence"]
[Black "Tomczak, Mikolaj"]
[Result "1-0"]
[WhiteElo "2317"]
[BlackElo "1901"]
[PlyCount "0"]
[EventDate "2012.08.17"]

1. e4 {[%clk 1:30:58]} e6 {[%clk 1:30:36]} 2. d4 {[%clk 1:31:15]} d5
{[%clk 1:25:36]} 3. Nc3 {[%clk 1:31:25]} Bb4 {[%clk 1:25:57]} 4. e5
{[%clk 1:31:15]} c5 {[%clk 1:26:10]} 5. a3 {[%clk 1:31:25]} Bxc3+
{[%clk 1:26:33]} 6. bxc3 {[%clk 1:31:42]} Qc7 {[%clk 1:25:54]} 7. Qg4
{[%clk 1:31:48]} f5 {[%clk 1:24:09]} 8. Qg3 {[%clk 1:21:56]} cxd4
{[%clk 1:23:57]} 9. cxd4 {[%clk 1:21:29]} Ne7 {[%clk 1:23:15]} 10. c3
{[%clk 1:09:45]} O-O {[%clk 1:21:25]} 11. Bd2 {[%clk 1:09:00]} b6
{[%clk 1:19:23]} 12. Bd3 {[%clk 1:09:07]} Ba6 {[%clk 1:18:29]} 13. Ne2
{[%clk 1:09:21]} Bxd3 {[%clk 1:17:48]} 14. Qxd3 {[%clk 1:09:41]} Nbc6
{[%clk 1:17:04]} 15. h4 {[%clk 1:03:43]} Na5 {[%clk 1:14:12]} 16. h5
{[%clk 1:01:38]} Nc4 {[%clk 1:09:57]} 17. Bg5 {[%clk 0:56:10]} Nc6
{[%clk 1:07:04]} 18. Rh3 {[%clk 0:50:53]} Qf7 {[%clk 1:01:23]} 19. Nf4
{[%clk 0:49:47]} Rfc8 {[%clk 0:58:25]} 20. h6 {[%clk 0:34:44]} g6
{[%clk 0:57:03]} 21. Bf6 {[%clk 0:34:13]} Kf8 {[%clk 0:50:57]} 22. Qg3
{[%clk 0:31:49]} Ne7 {[%clk 0:47:12]} 23. Rh1 {[%clk 0:26:12]} Ke8
{[%clk 0:45:03]} 24. Nh3 {[%clk 0:26:12]} Kd7 {[%clk 0:43:22]} 25. Ng5
{[%clk 0:26:34]} Qg8 {[%clk 0:43:38]} 26. Ke2 {[%clk 0:25:48]} Nc6
{[%clk 0:41:29]} 27. Qd3 {[%clk 0:25:31]} Nd8 {[%clk 0:32:49]} 28. Qc2
{[%clk 0:21:32]} Kc7 {[%clk 0:26:51]} 29. Rhb1 {[%clk 0:16:59]} Kb7
{[%clk 0:23:22]} 30. Qa4 {[%clk 0:12:44]} Nc6 {[%clk 0:19:14]} 31. Qb5
{[%clk 0:12:36]} Rc7 {[%clk 0:18:36]} 32. Bg7 {[%clk 0:10:39]} Rac8
{[%clk 0:17:58]} 33. Kd3 {[%clk 0:05:47]} a6 {[%clk 0:16:27]} 34. Qa4
{[%clk 0:06:03]} Ka7 {[%clk 0:16:16]} 35. Qb3 {[%clk 0:04:43]} Kb7
{[%clk 0:14:47]} 36. f3 {[%clk 0:03:26]} Rxg7 {[%clk 0:09:31]} 37. hxg7
{[%clk 0:03:39]} h6 {[%clk 0:09:52]} 38. Nh3 {[%clk 0:03:04]} Qxg7
{[%clk 0:09:36]} 39. Re1 {[%clk 0:01:52]} g5 {[%clk 0:09:34]} 40. Nf2
{[%clk 0:30:58]} f4 {[%clk 0:38:02]} 41. Ng4 {[%clk 0:27:40]} h5 {[%clk 0:36:44]}
42. Nf6 {[%clk 0:27:57]} Qg6+ {[%clk 0:36:44]} 43. Ke2 {[%clk 0:27:27]} Ne3
{[%clk 0:36:18]} 44. Kf2 {[%clk 0:20:55]} g4 {[%clk 0:26:30]} 45. Qb1
{[%clk 0:14:44]} g3+ {[%clk 0:25:09]} 46. Kg1 {[%clk 0:13:31]} Nf5
{[%clk 0:24:45]} 47. Qd3 {[%clk 0:10:40]} Qg5 {[%clk 0:23:56]} 48. Kf1
{[%clk 0:10:42]} Na5 {[%clk 0:17:41]} 49. Ke2 {[%clk 0:08:49]} Nc4
{[%clk 0:17:17]} 50. Rh1 {[%clk 0:08:30]} h4 {[%clk 0:16:00]} 51. Rab1
{[%clk 0:07:51]} Rc7 {[%clk 0:15:28]} 52. Ng4 {[%clk 0:06:46]} Nfe3
{[%clk 0:14:19]} 53. Nxe3 {[%clk 0:07:01]} Nxe3 {[%clk 0:14:39]} 54. Rb2
{[%clk 0:05:25]} Ka7 {[%clk 0:14:23]} 55. Rhb1 {[%clk 0:05:23]} h3
{[%clk 0:13:58]} 56. Rxb6 {[%clk 0:03:50]} Nc4 {[%clk 0:13:54]} 57. Rxe6
{[%clk 0:04:42]} hxg2 {[%clk 0:13:41]} 58. Qg6 {[%clk 0:00:52]} Qxg6
{[%clk 0:14:02]} 59. Rxg6 {[%clk 0:01:20]} Nxa3 {[%clk 0:14:03]} 60. Rg1
{[%clk 0:01:20]} Rxc3 {[%clk 0:14:17]} 61. Rxg2 {[%clk 0:00:44]} Rc2+
{[%clk 0:02:30]} 62. Kf1 {[%clk 0:01:12]} Rc1+ {[%clk 0:02:42]} 63. Ke2
{[%clk 0:01:38]} Nb5 {[%clk 0:02:00]} 64. Rg7+ {[%clk 0:01:16]} Kb6
{[%clk 0:02:12]} 65. Kd3 {[%clk 0:01:26]} Rc3+ {[%clk 0:01:36]} 66. Kd2
{[%clk 0:01:49]} Rxf3 {[%clk 0:01:26]} 67. e6 {[%clk 0:01:32]} Re3
{[%clk 0:01:43]} 68. e7 {[%clk 0:01:48]} Nxd4 {[%clk 0:01:42]} 69. Rg4
{[%clk 0:01:20]} Rxe7 {[%clk 0:01:10]} 70. Rxf4 {[%clk 0:01:44]} Ne6
{[%clk 0:01:08]} 71. Rf6 {[%clk 0:02:05]} Kc5 {[%clk 0:01:16]} 72. Rxg3
{[%clk 0:02:30]} Nc7 {[%clk 0:00:58]} 73. Rc3+ {[%clk 0:02:56]} Kb4
{[%clk 0:01:07]} 74. Rb6+ {[%clk 0:03:00]} Ka5 {[%clk 0:01:29]} 75. Rb7
{[%clk 0:03:15]} d4 {[%clk 0:01:41]} 76. Rcxc7 {[%clk 0:03:40]} 1-0

[Event "European Youth Chess Championship B14"]
[Site "Prague, Top Hotel Prague"]
[Date "2012.08.20"]
[Round "4.6"]
[White "Shtembuliak, Evgeny"]
[Black "Vavulin, Maksim"]
[Result "0-1"]
[WhiteElo "2153"]
[BlackElo "2292"]
[PlyCount "0"]
[EventDate "2012.08.17"]

1. e4 {[%clk 1:30:57]} e5 {[%clk 1:30:56]} 2. Bc4 {[%clk 1:31:04]} Nc6
{[%clk 1:31:14]} 3. Nc3 {[%clk 1:30:51]} Nf6 {[%clk 1:31:10]} 4. d3
{[%clk 1:30:57]} Na5 {[%clk 1:31:02]} 5. Nge2 {[%clk 1:29:10]} Bc5
{[%clk 1:29:30]} 6. Ng3 {[%clk 1:17:52]} d6 {[%clk 1:22:41]} 7. Qe2
{[%clk 1:09:08]} Nxc4 {[%clk 1:01:13]} 8. dxc4 {[%clk 1:09:32]} Bg4
{[%clk 1:01:15]} 9. f3 {[%clk 1:08:55]} Be6 {[%clk 1:01:39]} 10. Nf1
{[%clk 1:04:22]} c6 {[%clk 0:59:28]} 11. Be3 {[%clk 0:52:03]} Bb4
{[%clk 0:59:19]} 12. Bd2 {[%clk 0:52:01]} Ba5 {[%clk 0:53:36]} 13. Ne3
{[%clk 0:49:23]} O-O {[%clk 0:50:20]} 14. O-O {[%clk 0:44:52]} a6
{[%clk 0:42:56]} 15. a4 {[%clk 0:38:07]} Bb6 {[%clk 0:35:12]} 16. Kh1
{[%clk 0:32:50]} a5 {[%clk 0:32:17]} 17. b3 {[%clk 0:31:40]} Bd4 {[%clk 0:30:26]}
18. Rad1 {[%clk 0:30:16]} Nd7 {[%clk 0:27:11]} 19. Qe1 {[%clk 0:25:20]} g6
{[%clk 0:24:56]} 20. Ne2 {[%clk 0:22:36]} Bc5 {[%clk 0:24:23]} 21. Qg3
{[%clk 0:21:45]} Nf6 {[%clk 0:13:06]} 22. Nf5 {[%clk 0:14:47]} Nh5
{[%clk 0:12:25]} 23. Qh3 {[%clk 0:14:49]} Ng7 {[%clk 0:09:59]} 24. g4
{[%clk 0:11:51]} gxf5 {[%clk 0:08:52]} 25. gxf5 {[%clk 0:10:08]} Bd7
{[%clk 0:08:59]} 26. Bh6 {[%clk 0:09:22]} f6 {[%clk 0:08:29]} 27. Ng3
{[%clk 0:08:09]} Kh8 {[%clk 0:07:36]} 28. f4 {[%clk 0:07:34]} Rg8
{[%clk 0:06:56]} 29. Rd3 {[%clk 0:06:39]} Qe7 {[%clk 0:07:06]} 30. Qh4
{[%clk 0:06:26]} Rad8 {[%clk 0:07:07]} 31. Bg5 {[%clk 0:05:58]} fxg5
{[%clk 0:05:58]} 32. fxg5 {[%clk 0:06:22]} Nxf5 {[%clk 0:05:07]} 33. exf5
{[%clk 0:04:49]} Qxg5 {[%clk 0:05:19]} 34. Qe4 {[%clk 0:04:52]} Qf6
{[%clk 0:04:44]} 35. Rdf3 {[%clk 0:03:23]} Rdf8 {[%clk 0:04:09]} 36. Qe2
{[%clk 0:03:28]} Qg5 {[%clk 0:03:46]} 37. Qd3 {[%clk 0:02:40]} Rf6
{[%clk 0:03:06]} 38. c3 {[%clk 0:01:16]} Qg4 {[%clk 0:02:13]} 39. b4
{[%clk 0:01:27]} axb4 {[%clk 0:02:39]} 40. cxb4 {[%clk 0:31:53]} Bd4
{[%clk 0:33:02]} 0-1

[Event "European Youth Chess Championship B14"]
[Site "Prague, Top Hotel Prague"]
[Date "2012.08.20"]
[Round "4.7"]
[White "Aleksanyan, Hrant"]
[Black "Bellahcene, Bilel"]
[Result "1/2-1/2"]
[WhiteElo "1898"]
[BlackElo "2390"]
[PlyCount "0"]
[EventDate "2012.08.17"]

1. e4 {[%clk 1:30:57]} c5 {[%clk 1:30:56]} 2. Nf3 {[%clk 1:31:19]} Nc6
{[%clk 1:31:23]} 3. d4 {[%clk 1:31:35]} cxd4 {[%clk 1:31:49]} 4. Nxd4
{[%clk 1:32:00]} Nf6 {[%clk 1:32:13]} 5. Nc3 {[%clk 1:32:18]} e6 {[%clk 1:32:39]}
6. Be2 {[%clk 1:32:24]} Bb4 {[%clk 1:30:20]} 7. Nxc6 {[%clk 1:32:05]} bxc6
{[%clk 1:30:13]} 8. O-O {[%clk 1:32:21]} d5 {[%clk 1:28:32]} 9. e5
{[%clk 1:26:46]} Nd7 {[%clk 1:28:35]} 10. f4 {[%clk 1:24:46]} O-O
{[%clk 1:27:46]} 11. Qd3 {[%clk 1:11:09]} f6 {[%clk 1:19:05]} 12. exf6
{[%clk 0:58:20]} Nxf6 {[%clk 1:19:15]} 13. Be3 {[%clk 0:56:32]} a5
{[%clk 1:11:02]} 14. Bd4 {[%clk 0:51:06]} c5 {[%clk 1:07:27]} 15. Be5
{[%clk 0:47:18]} Ba6 {[%clk 1:07:21]} 16. Qh3 {[%clk 0:35:40]} Qe8
{[%clk 0:48:12]} 17. Bxa6 {[%clk 0:27:55]} Rxa6 {[%clk 0:48:18]} 18. a4
{[%clk 0:26:42]} Qg6 {[%clk 0:37:50]} 19. Nb5 {[%clk 0:18:34]} Qxc2
{[%clk 0:31:41]} 20. Nc7 {[%clk 0:18:51]} Rb6 {[%clk 0:31:02]} 21. Nxe6
{[%clk 0:19:10]} Rf7 {[%clk 0:23:20]} 22. f5 {[%clk 0:15:49]} Bd2
{[%clk 0:15:45]} 23. Ra3 {[%clk 0:13:12]} d4 {[%clk 0:12:54]} 24. Bxf6
{[%clk 0:06:49]} Rxf6 {[%clk 0:13:17]} 25. Raf3 {[%clk 0:05:41]} Be3+
{[%clk 0:09:32]} 26. Kh1 {[%clk 0:06:06]} Qe2 {[%clk 0:08:00]} 27. Qg3
{[%clk 0:04:42]} Rbxe6 {[%clk 0:07:48]} 28. Re1 {[%clk 0:04:25]} Qxf3
{[%clk 0:02:37]} 29. Qxf3 {[%clk 0:04:29]} Re5 {[%clk 0:03:01]} 30. Qa8+
{[%clk 0:02:00]} Rf8 {[%clk 0:03:25]} 31. Qxa5 {[%clk 0:02:18]} Rexf5
{[%clk 0:03:54]} 32. g4 {[%clk 0:02:13]} Rf2 {[%clk 0:03:46]} 33. Qxc5
{[%clk 0:02:12]} Rxb2 {[%clk 0:04:07]} 34. Qc4+ {[%clk 0:02:38]} Kh8
{[%clk 0:04:28]} 35. Rf1 {[%clk 0:02:47]} Rd8 {[%clk 0:01:27]} 36. a5
{[%clk 0:02:01]} h5 {[%clk 0:01:31]} 37. Qc5 {[%clk 0:01:15]} hxg4
{[%clk 0:01:34]} 38. Rf8+ {[%clk 0:01:09]} Rxf8 {[%clk 0:02:03]} 39. Qxf8+
{[%clk 0:01:38]} Kh7 {[%clk 0:02:33]} 40. Qf5+ {[%clk 0:31:38]} Kh6
{[%clk 0:32:08]} 41. a6 {[%clk 0:12:35]} g6 {[%clk 0:31:32]} 42. Qf8+
{[%clk 0:12:15]} Kh5 {[%clk 0:31:30]} 1/2-1/2

[Event "European Youth Chess Championship B14"]
[Site "Prague, Top Hotel Prague"]
[Date "2012.08.20"]
[Round "4.8"]
[White "Dolana, Andrei-Theodor"]
[Black "Sheremet, Anton"]
[Result "1/2-1/2"]
[WhiteElo "2136"]
[BlackElo "2114"]
[PlyCount "0"]
[EventDate "2012.08.17"]

1. e4 {[%clk 1:30:59]} e5 {[%clk 1:30:50]} 2. Nf3 {[%clk 1:31:25]} Nc6
{[%clk 1:31:11]} 3. Bc4 {[%clk 1:31:51]} Bc5 {[%clk 1:31:31]} 4. c3
{[%clk 1:32:15]} Nf6 {[%clk 1:31:50]} 5. d4 {[%clk 1:32:41]} exd4
{[%clk 1:32:01]} 6. cxd4 {[%clk 1:33:07]} Bb4+ {[%clk 1:32:20]} 7. Bd2
{[%clk 1:33:33]} Bxd2+ {[%clk 1:32:33]} 8. Nbxd2 {[%clk 1:34:02]} d5
{[%clk 1:32:49]} 9. exd5 {[%clk 1:34:29]} Nxd5 {[%clk 1:33:06]} 10. Qb3
{[%clk 1:34:55]} Nce7 {[%clk 1:33:23]} 11. O-O {[%clk 1:35:20]} O-O
{[%clk 1:33:31]} 12. Rfe1 {[%clk 1:35:49]} c6 {[%clk 1:33:47]} 13. Ne4
{[%clk 1:36:08]} Qb6 {[%clk 1:23:36]} 14. Qa3 {[%clk 1:35:25]} Qb4
{[%clk 1:15:28]} 15. Nf6+ {[%clk 1:14:30]} gxf6 {[%clk 1:15:01]} 16. Qxb4
{[%clk 1:14:17]} Nxb4 {[%clk 1:15:23]} 17. Rxe7 {[%clk 1:14:43]} b5
{[%clk 1:11:04]} 18. Bb3 {[%clk 0:56:30]} Bg4 {[%clk 1:10:06]} 19. Ne1
{[%clk 0:35:27]} Rad8 {[%clk 0:59:39]} 20. a3 {[%clk 0:26:32]} Nd5
{[%clk 0:59:09]} 21. Rxa7 {[%clk 0:25:04]} Nf4 {[%clk 0:59:18]} 22. Nc2
{[%clk 0:23:12]} Ne2+ {[%clk 0:58:48]} 23. Kf1 {[%clk 0:20:53]} Nxd4
{[%clk 0:54:26]} 24. Nxd4 {[%clk 0:20:21]} Rxd4 {[%clk 0:54:48]} 25. f3
{[%clk 0:19:05]} Bf5 {[%clk 0:52:00]} 26. Rd1 {[%clk 0:16:37]} Bd3+
{[%clk 0:45:16]} 27. Kf2 {[%clk 0:15:41]} c5 {[%clk 0:45:29]} 28. Rc7
{[%clk 0:14:07]} c4 {[%clk 0:45:28]} 29. Bc2 {[%clk 0:14:35]} Rfd8
{[%clk 0:45:30]} 30. Bxd3 {[%clk 0:14:20]} Rxd3 {[%clk 0:45:49]} 31. Rxd3
{[%clk 0:14:12]} Rxd3 {[%clk 0:46:09]} 32. Re7 {[%clk 0:14:27]} Rb3
{[%clk 0:46:02]} 33. Re2 {[%clk 0:14:51]} Kg7 {[%clk 0:46:00]} 34. Rc2
{[%clk 0:14:54]} Kg6 {[%clk 0:45:36]} 35. Kg3 {[%clk 0:14:36]} Kg5
{[%clk 0:45:40]} 36. a4 {[%clk 0:14:20]} bxa4 {[%clk 0:45:52]} 37. Rxc4
{[%clk 0:14:45]} f5 {[%clk 0:46:01]} 38. Rxa4 {[%clk 0:14:12]} Rxb2
{[%clk 0:44:52]} 39. Ra5 {[%clk 0:14:05]} f6 {[%clk 0:44:55]} 40. Ra8
{[%clk 0:41:26]} Kg6 {[%clk 1:15:03]} 1/2-1/2

[Event "European Youth Chess Championship B14"]
[Site "Prague, Top Hotel Prague"]
[Date "2012.08.20"]
[Round "4.9"]
[White "Miknevicius, Laurynas"]
[Black "Popov, Andrey"]
[Result "1-0"]
[WhiteElo "1830"]
[BlackElo "2130"]
[PlyCount "0"]
[EventDate "2012.08.17"]

1. d4 {[%clk 1:29:59]} e6 {[%clk 1:29:18]} 2. Nf3 {[%clk 1:28:32]} c5 3. c4 cxd4
{[%clk 1:29:00]} 4. Nxd4 {[%clk 1:28:39]} Nc6 {[%clk 1:00:43]} 5. g3
{[%clk 1:14:23]} Bc5 {[%clk 0:57:09]} 6. Nb3 Qb6 7. Nxc5 {[%clk 1:08:19]} Qxc5
{[%clk 0:57:16]} 8. Nd2 {[%clk 1:07:42]} Nf6 {[%clk 0:49:22]} 9. Bg2
{[%clk 1:08:01]} O-O {[%clk 0:49:12]} 10. O-O {[%clk 1:04:09]} b6 11. b3
{[%clk 1:04:08]} Bb7 {[%clk 0:38:28]} 12. Bb2 {[%clk 0:57:53]} e5 13. Ne4 Nxe4
{[%clk 0:35:55]} 14. Bxe4 {[%clk 0:58:16]} Qe7 {[%clk 0:27:46]} 15. Qd2
{[%clk 0:46:38]} Rfd8 {[%clk 0:27:00]} 16. Rfd1 {[%clk 0:41:19]} d6
{[%clk 0:21:17]} 17. Rac1 {[%clk 0:37:54]} Qc7 {[%clk 0:18:45]} 18. Rc3 Na5 19.
Bxb7 {[%clk 0:37:00]} Nxb7 {[%clk 0:19:12]} 20. Rd3 Re8 21. Ba3 {[%clk 0:28:06]}
Nc5 {[%clk 0:12:11]} 22. Rxd6 {[%clk 0:27:45]} Ne4 {[%clk 0:12:25]} 23. Rd7
{[%clk 0:28:09]} Nxd2 {[%clk 0:12:09]} 24. Rxc7 {[%clk 0:28:33]} Rad8
{[%clk 0:12:36]} 25. Kg2 {[%clk 0:28:16]} e4 {[%clk 0:12:30]} 26. Re7 Rxe7
{[%clk 0:11:54]} 27. Bxe7 {[%clk 0:28:23]} Rd4 {[%clk 0:12:17]} 28. e3
{[%clk 0:28:19]} Rd3 {[%clk 0:12:19]} 29. Bb4 1-0

[Event "European Youth Chess Championship B14"]
[Site "Prague, Top Hotel Prague"]
[Date "2012.08.20"]
[Round "4.10"]
[White "Sibashvili, Giorgi"]
[Black "Kudelya, Igor"]
[Result "0-1"]
[WhiteElo "2073"]
[BlackElo "2120"]
[PlyCount "0"]
[EventDate "2012.08.17"]

1. e4 {[%clk 1:30:55]} c5 {[%clk 1:31:27]} 2. d4 {[%clk 1:31:18]} cxd4
{[%clk 1:31:45]} 3. c3 {[%clk 1:31:42]} dxc3 {[%clk 1:30:53]} 4. Nxc3
{[%clk 1:32:04]} Nc6 {[%clk 1:30:30]} 5. Nf3 {[%clk 1:32:27]} e6 {[%clk 1:29:50]}
6. Bc4 {[%clk 1:32:50]} Nge7 {[%clk 1:25:38]} 7. O-O {[%clk 1:33:13]} Ng6
{[%clk 1:25:09]} 8. Qe2 {[%clk 1:32:37]} a6 {[%clk 1:16:54]} 9. Be3
{[%clk 1:23:15]} b5 {[%clk 1:14:54]} 10. Bb3 {[%clk 1:19:32]} Be7
{[%clk 1:14:41]} 11. Rfd1 {[%clk 0:56:15]} O-O {[%clk 1:13:51]} 12. Rac1
{[%clk 0:55:03]} Bb7 {[%clk 1:12:55]} 13. Rd2 {[%clk 0:44:55]} Qe8
{[%clk 1:03:35]} 14. Bb6 {[%clk 0:42:52]} Rc8 {[%clk 1:00:41]} 15. a4
{[%clk 0:30:18]} b4 {[%clk 0:54:47]} 16. Na2 {[%clk 0:30:48]} Nce5
{[%clk 0:50:23]} 17. Rcd1 {[%clk 0:25:17]} Nxf3+ {[%clk 0:42:25]} 18. Qxf3
{[%clk 0:25:39]} Bc6 {[%clk 0:42:33]} 19. Qe3 {[%clk 0:22:19]} f5
{[%clk 0:26:28]} 20. f3 {[%clk 0:07:52]} fxe4 {[%clk 0:24:20]} 21. fxe4
{[%clk 0:08:21]} Nh4 {[%clk 0:21:55]} 22. Rd4 {[%clk 0:07:45]} Rf3
{[%clk 0:17:09]} 23. Qxf3 {[%clk 0:04:45]} Nxf3+ {[%clk 0:17:33]} 24. gxf3
{[%clk 0:05:14]} Qg6+ {[%clk 0:16:57]} 25. Kh1 {[%clk 0:05:28]} Qh5
{[%clk 0:16:57]} 26. R1d3 {[%clk 0:05:14]} Qh3 {[%clk 0:16:14]} 27. Kg1
{[%clk 0:05:28]} Rf8 {[%clk 0:16:30]} 28. Nc1 {[%clk 0:01:19]} Rxf3
{[%clk 0:15:45]} 29. Rxf3 {[%clk 0:01:17]} Qxf3 {[%clk 0:16:14]} 0-1

[Event "European Youth Chess Championship B14"]
[Site "Prague, Top Hotel Prague"]
[Date "2012.08.20"]
[Round "4.11"]
[White "Kozionov, Kirill"]
[Black "Goldobin, Aleksei"]
[Result "1-0"]
[WhiteElo "2257"]
[BlackElo "2041"]
[PlyCount "61"]
[EventDate "2012.08.17"]

1. e4 d5 2. exd5 Nf6 3. Nf3 Bg4 4. c4 e6 5. dxe6 fxe6 6. d4 Bb4+ 7. Nc3 Nc6 8.
Be3 Bxf3 9. gxf3 O-O 10. a3 Bxc3+ 11. bxc3 Nh5 12. Qc2 e5 13. d5 Ne7 14. O-O-O
Nf4 15. Qb3 b6 16. c5 Kh8 17. d6 cxd6 18. cxd6 Nc6 19. d7 Qf6 20. Ba6 Rad8 21.
Rd2 Nb8 22. Bc8 Qc6 23. Rhd1 Qxf3 24. Qb4 Ne6 25. Qd6 Nc5 26. Qxb8 Nb3+ 27. Kb2
Nxd2 28. Rxd2 Qf5 29. Qxa7 e4 30. Qa4 Qe6 31. Qb3 1-0

[Event "European Youth Chess Championship B14"]
[Site "Prague, Top Hotel Prague"]
[Date "2012.08.20"]
[Round "4.12"]
[White "Van Foreest, Jorden"]
[Black "Percivaldi, Martin"]
[Result "1-0"]
[WhiteElo "2225"]
[BlackElo "2024"]
[PlyCount "47"]
[EventDate "2012.08.17"]

1. e4 e6 2. d4 d5 3. Nc3 Nf6 4. Bg5 Be7 5. e5 Nfd7 6. h4 h6 7. Bxe7 Qxe7 8. Qg4
O-O 9. O-O-O a6 10. f4 f5 11. exf6 Nxf6 12. Qe2 Qd6 13. g3 Nbd7 14. Bh3 Re8 15.
Nf3 c5 16. dxc5 Nxc5 17. Ne5 Qe7 18. g4 Nfe4 19. Nxe4 Nxe4 20. g5 hxg5 21. hxg5
Qc5 22. Qh5 Qe3+ 23. Kb1 Nd6 24. Qh8+ 1-0